01622 a2200241 45000010006000000050017000060080041000230030015000640400040000790800073001192450082001920200018002742500012002922640034003043000026003385050794003640410008011581000022011667000035011887000029012237000029012528560099012814812220260407155748.0260407a2007 arg spa dAR-UNSa-BCEJYS aAR-UNSa-BCEJYSbspacAR-UNSa-BCEJYS a510xConsideraciones fundamentales y generales de las matemáticas 10aMatemáticas aplicadas para administración, economía y ciencias sociales a970-10-5698-1 a4a. ed. 1aMéxico :bMcGraw-Hillc2007 axxvi, 1033 p.c23 cm. a1. Algunos conocimientos preliminares - 2. Ecuaciones lineales - 3. Sistema de ecuaciones lineales - 4. Funciones matemáticas - 5. Funciones lineales: Aplicaciones - 6. Funciones cuadráticas y polinomiales - 7. Funciones exponenciales y logarítmicas - 8. Matemáticas de las finanzas - 9. Álgebra matrical - 10. Programación lineal: Introducción - 11. Métodos simplex y métodos de solución por computadora - 12. Modelos de transporte y asignación - 13. Introducción a la teoría de la probabilidad - 14. Distribuciones de probabilidad - 15. Diferenciación - 16. Optimización: Metodología - 17. Optimización: Aplicaciones - 18. Cálculo integral: Una introducción - 19. Cálculo integral: Aplicaciones - 20. Optimización: Funciones de varias variables. aspa1 aBudnick, Frank S.1 aDíaz - Díaz, José Julian1 aAlatorre Miguel, Efrén1 aGómez Castillo, Raúl41uhttps://www.biblioeco.unsa.edu.ar/pmb/images/libros/L127875.jpgyImagen de portadaqimage/jpeg